MARC

LEADER 00000nam0a2200000 4500
001 300579
005 20231102001321.0
035 |a (RuTPU)RU\TPU\book\325732 
090 |a 300579 
100 |a 20150713d1983 km y0rusy5003 ca 
101 0 |a rus 
102 |a RU 
105 |a y z 000zy 
200 1 |a Командиру о военно-уголовном законодательстве  |f под ред. А. Г. Горного 
210 |a Москва  |c Воениздат  |d 1983 
215 |a 176 с. 
300 |a Авт. указаны на обороте тит. л. 
606 1 |a Военное законодательство СССР  |2 stltpush  |3 (RuTPU)RU\TPU\subj\3254  |9 31700 
610 1 |a воинские преступления 
610 1 |a ответственность за преступления 
610 1 |a военнослужащие 
610 1 |a уголовное законодательство 
610 1 |a воинские преступления 
610 1 |a военная служба 
610 1 |a уклонение 
610 1 |a военное имущество 
610 1 |a правила 
610 1 |a военная тайна 
610 1 |a профилактика 
610 1 |a должностные лица 
686 |a Ц4,6(2)2  |2 rubbk 
702 1 |a Горный  |b А. Г.  |g Артем Григорьевич  |4 340 
801 0 |a RU  |b RuMRKP  |c 19950704  |g psbo 
801 1 |a RU  |b 63413507  |c 20150713 
801 2 |a RU  |b 63413507  |c 20190205  |g RCR 
942 |c BK